00763nam a2200193 i 4500001000300000100003200003245010900035260004700144300002500191490005200216500003800268504003600306830005200342040000800394041000800402080002000410008004100430856009800471bg1 aGajewski, Antonid(1938- ). 0aOptymalne kształtowanie wytrzymałościowe w przypadku o nieliniowości fizycznej /cAntoni Gajewski. aKraków :bPolitechnika Krakowska,c1975. as. 160 :brys., tab.1 aZeszyt Naukowy / Politechnika Krakowska ;vNr 5 a[Streszcz. w jęz. ang. i ros.]. a[Zawiera bibliogr. s. 146-152]. 0aZeszyt Naukowy (Politechnika Krakowska) ;vNr 5 cBPK apol a624.07:539.3/.6 s pl f |000 0 pol  uhttp://koha.tu.koszalin.pl/cgi-bin/koha/opac-detail.pl?biblionumber=16445yKatalog online BPK